Harry Potter Book/Film Differences Quiz Stats

 Plays Quiz not verified by Sporcle

Score 0/16 Timer 03:00
0 Plays Today
Scene Book (B) or Film (F) % Correct
????
100%
????
93.7%
????
81.8%
????
77.7%
????
65.1%
????
62.5%
????
58%
????
51.6%
Scene Book (B) or Film (F) % Correct
????
41.5%
????
41.5%
????
36.2%
????
32.4%
????
25.4%
????
25.4%
????
18.2%
????
16%

You're not logged in!

Compare scores with friends on all Sporcle quizzes.
OR
Log In

Sporcle TV

Today on Sporcle TV


Watch our educational content, quiz creation guides, and fun videos on Sporcle TV.

Show Comments

Extras

Created Feb 23, 2012ReportNominate
Tags:adaptation, between, screen

Top Quizzes Today


Score Distribution

Your Account Isn't Verified!

In order to create a playlist on Sporcle, you need to verify the email address you used during registration. Go to your Sporcle Settings to finish the process.

Report this User

Report this user for behavior that violates our Community Guidelines.

Details: